000 00261nam a2200121Ia 4500
100 _avolsky/A
942 _cBK
654 _aTheory
245 _aTheory Of Metallurgical process
260 _bMir Publishers
_aMoscow
_c1978
300 _a360
546 _aENGLISH
999 _c28534
_d28534